<?xml version="1.0" encoding="UTF-8"?>
<record
    xmlns:xsi="http://www.w3.org/2001/XMLSchema-instance"
    xsi:schemaLocation="http://www.loc.gov/MARC21/slim http://www.loc.gov/standards/marcxml/schema/MARC21slim.xsd"
    xmlns="http://www.loc.gov/MARC21/slim">

  <leader>01288nam0a22002771  4500</leader>
  <controlfield tag="001">rc\4090346</controlfield>
  <controlfield tag="005">20250611085223.0</controlfield>
  <datafield tag="021" ind1=" " ind2=" ">
    <subfield code="a">RU</subfield>
    <subfield code="b">[51-38517]</subfield>
  </datafield>
  <datafield tag="035" ind1=" " ind2=" ">
    <subfield code="a">(NLR Aleph) 008131883</subfield>
  </datafield>
  <datafield tag="090" ind1=" " ind2=" ">
    <subfield code="a">9429120</subfield>
    <subfield code="c">9429120</subfield>
  </datafield>
  <datafield tag="100" ind1=" " ind2=" ">
    <subfield code="a">20130415d1951    |||y0rusy50      ca</subfield>
  </datafield>
  <datafield tag="101" ind1="0" ind2=" ">
    <subfield code="a">rus</subfield>
  </datafield>
  <datafield tag="102" ind1=" " ind2=" ">
    <subfield code="a">RU</subfield>
  </datafield>
  <datafield tag="105" ind1=" " ind2=" ">
    <subfield code="a">y   z   |||||</subfield>
  </datafield>
  <datafield tag="200" ind1="1" ind2=" ">
    <subfield code="a">&#x41E;&#x431; &#x41E;&#x442;&#x447;&#x435;&#x442;&#x43D;&#x43E;&#x43C; &#x434;&#x43E;&#x43A;&#x43B;&#x430;&#x434;&#x435; &#x418;.&#x412;. &#x421;&#x442;&#x430;&#x43B;&#x438;&#x43D;&#x430; &#x43D;&#x430; XVIII &#x441;&#x44A;&#x435;&#x437;&#x434;&#x435; &#x41F;&#x430;&#x440;&#x442;&#x438;&#x438; &#x43E; &#x440;&#x430;&#x431;&#x43E;&#x442;&#x435; &#x426;&#x41A; &#x412;&#x41A;&#x41F;(&#x431;)</subfield>
  </datafield>
  <datafield tag="210" ind1=" " ind2=" ">
    <subfield code="a">[&#x41C;&#x43E;&#x441;&#x43A;&#x432;&#x430;]</subfield>
    <subfield code="c">&#x413;&#x43E;&#x441;&#x43F;&#x43E;&#x43B;&#x438;&#x442;&#x438;&#x437;&#x434;&#x430;&#x442;</subfield>
    <subfield code="d">1951</subfield>
  </datafield>
  <datafield tag="215" ind1=" " ind2=" ">
    <subfield code="a">32 &#x441;.</subfield>
    <subfield code="d">20</subfield>
  </datafield>
  <datafield tag="225" ind1="1" ind2=" ">
    <subfield code="a">&#x412; &#x43F;&#x43E;&#x43C;&#x43E;&#x449;&#x44C; &#x43F;&#x440;&#x43E;&#x43F;&#x430;&#x433;&#x430;&#x43D;&#x434;&#x438;&#x441;&#x442;&#x443;</subfield>
  </datafield>
  <datafield tag="600" ind1=" " ind2="1">
    <subfield code="a">&#x421;&#x442;&#x430;&#x43B;&#x438;&#x43D;</subfield>
    <subfield code="b">&#x418;.&#x412;.</subfield>
    <subfield code="f">1879-1953</subfield>
    <subfield code="g">&#x418;&#x43E;&#x441;&#x438;&#x444; &#x412;&#x438;&#x441;&#x441;&#x430;&#x440;&#x438;&#x43E;&#x43D;&#x43E;&#x432;&#x438;&#x447;</subfield>
    <subfield code="2">psbo</subfield>
  </datafield>
  <datafield tag="604" ind1=" " ind2=" ">
    <subfield code="1">50010$a&#x41E;&#x442;&#x447;&#x435;&#x442;&#x43D;&#x44B;&#x439; &#x434;&#x43E;&#x43A;&#x43B;&#x430;&#x434; &#x43D;&#x430; XVIII &#x421;&#x44A;&#x435;&#x437;&#x434;&#x435; &#x41F;&#x430;&#x440;&#x442;&#x438;&#x438; &#x426;&#x41A; &#x412;&#x41A;&#x41F;(&#x431;)</subfield>
    <subfield code="1">700#1$a&#x421;&#x442;&#x430;&#x43B;&#x438;&#x43D;$b&#x418;.&#x412;.$g&#x418;&#x43E;&#x441;&#x438;&#x444; &#x412;&#x438;&#x441;&#x441;&#x430;&#x440;&#x438;&#x43E;&#x43D;&#x43E;&#x432;&#x438;&#x447;</subfield>
    <subfield code="t">&#x41E;&#x442;&#x447;&#x435;&#x442;&#x43D;&#x44B;&#x439; &#x434;&#x43E;&#x43A;&#x43B;&#x430;&#x434; &#x43D;&#x430; XVIII &#x421;&#x44A;&#x435;&#x437;&#x434;&#x435; &#x41F;&#x430;&#x440;&#x442;&#x438;&#x438; &#x426;&#x41A; &#x412;&#x41A;&#x41F;(&#x431;)</subfield>
    <subfield code="a">&#x421;&#x442;&#x430;&#x43B;&#x438;&#x43D;, &#x418;&#x43E;&#x441;&#x438;&#x444; &#x412;&#x438;&#x441;&#x441;&#x430;&#x440;&#x438;&#x43E;&#x43D;&#x43E;&#x432;&#x438;&#x447;</subfield>
  </datafield>
  <datafield tag="700" ind1=" " ind2="1">
    <subfield code="7">ca</subfield>
    <subfield code="8">rus</subfield>
    <subfield code="a">&#x413;&#x430;&#x432;&#x440;&#x438;&#x43B;&#x43E;&#x432;</subfield>
    <subfield code="b">&#x411;. &#x410;.</subfield>
    <subfield code="c">&#x434;-&#x440; &#x438;&#x441;&#x442;. &#x43D;&#x430;&#x443;&#x43A;</subfield>
    <subfield code="g">&#x411;&#x43E;&#x440;&#x438;&#x441; &#x410;&#x43B;&#x435;&#x43A;&#x441;&#x430;&#x43D;&#x434;&#x440;&#x43E;&#x432;&#x438;&#x447;</subfield>
    <subfield code="9">270296</subfield>
    <subfield code="3">RU\NLR\AUTH\770270352</subfield>
  </datafield>
  <datafield tag="801" ind1=" " ind2="0">
    <subfield code="a">RU</subfield>
    <subfield code="b">NLR</subfield>
    <subfield code="g">psbo</subfield>
  </datafield>
  <datafield tag="801" ind1=" " ind2="1">
    <subfield code="a">RU</subfield>
    <subfield code="b">ELAR</subfield>
    <subfield code="2">rusmarc</subfield>
  </datafield>
  <datafield tag="852" ind1=" " ind2=" ">
    <subfield code="a">NLR</subfield>
    <subfield code="j">&#x41C;20 &#x413;-4/504</subfield>
  </datafield>
  <datafield tag="942" ind1=" " ind2=" ">
    <subfield code="c">BOOK</subfield>
  </datafield>
  <datafield tag="980" ind1=" " ind2=" ">
    <subfield code="a">NB</subfield>
  </datafield>
  <datafield tag="995" ind1=" " ind2=" ">
    <subfield code="5">2013-10-26</subfield>
    <subfield code="b">NLR02</subfield>
    <subfield code="c">NLR02</subfield>
    <subfield code="e">RFS</subfield>
    <subfield code="f">8131883-10</subfield>
    <subfield code="k">&#x41C;20 &#x413;-4/504</subfield>
    <subfield code="o">0</subfield>
    <subfield code="r">BOOK</subfield>
    <subfield code="s">20_4504</subfield>
  </datafield>
</record>
